English Words of Japanese Origin - Statistics

General Stats
  • This quiz has been taken 160 times
  • The average score is 7 of 8
Answer Stats
Definition Word % Correct
Long, high sea wave caused by an earthquake or other disturbance. Tsunami
97%
Style of Japanese film and television animation, typically aimed at adults as well as children. Anime
96%
Form of entertainment, offered typically by bars and clubs, in which people take turns to sing popular songs into a microphone over pre-recorded backing tracks. Karaoke
94%
Japanese art of folding paper into decorative shapes and figures. Origami
94%
Long, loose traditional Japanese robe with wide sleeves, tied with a sash. Kimono
92%
Japanese poem of seventeen syllables, in three lines of five, seven, and five, traditionally evoking images of the natural world. Haiku
89%
Member of a powerful military caste in feudal Japan. Samurai
77%
Sport of unarmed combat derived from ju-jitsu and intended to train the body and mind. Judo
63%
No matching quizzes found
Score Distribution
Percent of People with Each Score
Percentile by Number Answered
Your Score History
You have not taken this quiz